[Event "Lidums Checkmate Open"]
[Site "Adelaide"]
[Date "2010.07.04"]
[Round "7.13"]
[White "Courtney, Michael J"]
[Black "Haydn, Gavin"]
[Result "0-1"]
[WhiteElo "1581"]
[BlackElo "1489"]
[PlyCount "66"]
[EventDate "2010.07.03"]
[EventType "swiss"]
[EventRounds "7"]
[EventCountry "AUS"]

1. e4 c5 2. Nc3 e6 3. g3 d5 4. exd5 exd5 5. Bg2 Nf6 6. Nge2 Bg4 7. h3 Be6 8. d4
cxd4 9. Nxd4 Bb4 10. Bd2 O-O 11. Nce2 Bd6 12. c3 a6 13. Qc2 Nbd7 14. O-O Rc8
15. Rfe1 Bc5 16. Nxe6 fxe6 17. Nf4 Bxf2+ 18. Kxf2 Qb6+ 19. Re3 e5 20. Nd3 d4
21. Ke2 dxe3 22. Bxe3 Qb5 23. Kd2 Nd5 24. Bg1 N7f6 25. Nxe5 Rfd8 26. Nd3 Kh8
27. Bd4 Re8 28. Ne5 Rxe5 29. Bxe5 Nb4 30. Qf5 Rd8+ 31. Ke3 Rd3+ 32. Kf4 Qc4+
33. Bd4 Nbd5+ 0-1